Discourse analysis in language education
保存先:
| 第一著者: | |
|---|---|
| フォーマット: | 図書 |
| 言語: | Undetermined |
| 出版事項: |
Cần Thơ
Đại học Cần Thơ
2010
|
| 主題: | |
| タグ: |
タグ追加
タグなし, このレコードへの初めてのタグを付けませんか!
|
| Thư viện lưu trữ: | Trung tâm Học liệu Trường Đại học Cần Thơ |
|---|
| LEADER | 00534nam a2200181Ia 4500 | ||
|---|---|---|---|
| 001 | CTU_155548 | ||
| 008 | 210402s9999 xx 000 0 und d | ||
| 082 | |a 370.7 | ||
| 082 | |b Ch125 | ||
| 100 | |a Bùi, Minh Châu | ||
| 245 | 0 | |a Discourse analysis in language education | |
| 245 | 0 | |c Bùi Minh Châu | |
| 260 | |a Cần Thơ | ||
| 260 | |b Đại học Cần Thơ | ||
| 260 | |c 2010 | ||
| 650 | |a Language education,Ngôn ngữ giáo dục | ||
| 904 | |i QHieu | ||
| 980 | |a Trung tâm Học liệu Trường Đại học Cần Thơ | ||